The Republic of India: Constitution and government (Record no. 71237)

MARC details
000 -LEADER
fixed length control field 00762cam a22002411 4500
001 - CONTROL NUMBER
control field sa 66007526
003 - CONTROL NUMBER IDENTIFIER
control field DLC
005 - DATE AND TIME OF LATEST TRANSACTION
control field 20260227112305.0
008 - FIXED-LENGTH DATA ELEMENTS--GENERAL INFORMATION
fixed length control field 740123s1966 ii b 000 0 eng
010 ## - LIBRARY OF CONGRESS CONTROL NUMBER
LC control number sa 66007526
025 ## - OVERSEAS ACQUISITION NUMBER
Overseas acquisition number PL480:I-E-6916
040 ## - CATALOGING SOURCE
Original cataloging agency DLC
Transcribing agency DLC
Modifying agency DLC
043 ## - GEOGRAPHIC AREA CODE
Geographic area code a-ii---
050 00 - LIBRARY OF CONGRESS CALL NUMBER
Classification number KNS1760
Item number .S53 1966
082 00 - DEWEY DECIMAL CLASSIFICATION NUMBER
Classification number 342.54
-- 345.402
Edition number 19
100 1# - MAIN ENTRY--PERSONAL NAME
Personal name Sharma, Brij Mohan,
Dates associated with a name 1898-
245 14 - TITLE STATEMENT
Title The Republic of India: Constitution and government
Statement of responsibility, etc. [by] B. M. Sharma. With a foreword by K. N. Katju.
260 ## - PUBLICATION, DISTRIBUTION, ETC.
Place of publication, distribution, etc. Bombay,
-- New York,
Name of publisher, distributor, etc. Asia Pub. House
Date of publication, distribution, etc. [1966]
300 ## - PHYSICAL DESCRIPTION
Extent xviii, 655 p.
Dimensions 25 cm.
504 ## - BIBLIOGRAPHY, ETC. NOTE
Bibliography, etc. note Bibliography: p. 641-644.
650 #0 - SUBJECT ADDED ENTRY--TOPICAL TERM
Topical term or geographic name entry element Constitutional law
Geographic subdivision India.
651 #0 - SUBJECT ADDED ENTRY--GEOGRAPHIC NAME
Geographic name India
General subdivision Politics and government
Chronological subdivision 1947-

No items available.

Powered by Koha